<?xml version="1.0" encoding="UTF-8"?>
<record
    xmlns:xsi="http://www.w3.org/2001/XMLSchema-instance"
    xsi:schemaLocation="http://www.loc.gov/MARC21/slim http://www.loc.gov/standards/marcxml/schema/MARC21slim.xsd"
    xmlns="http://www.loc.gov/MARC21/slim">

  <leader>00883nam a22002537a 4500</leader>
  <controlfield tag="005">20100925105050.0</controlfield>
  <controlfield tag="008">081119t        xxu||||| |||| 00| 0 ur d</controlfield>
  <datafield tag="010" ind1=" " ind2=" ">
    <subfield code="a">UR-7695</subfield>
  </datafield>
  <datafield tag="020" ind1=" " ind2=" ">
    <subfield code="c">170.00</subfield>
  </datafield>
  <datafield tag="035" ind1=" " ind2=" ">
    <subfield code="a">U-6250</subfield>
  </datafield>
  <datafield tag="040" ind1=" " ind2=" ">
    <subfield code="a">DPL</subfield>
    <subfield code="b">UR</subfield>
  </datafield>
  <datafield tag="082" ind1=" " ind2=" ">
    <subfield code="a">841</subfield>
  </datafield>
  <datafield tag="100" ind1=" " ind2=" ">
    <subfield code="9">11327</subfield>
    <subfield code="a"> &#x646;&#x631;&#x645;&#x644; &#x633;&#x646;&#x6AF;&#x6BE; &#x646;&#x631;&#x645;&#x644;</subfield>
  </datafield>
  <datafield tag="245" ind1=" " ind2=" ">
    <subfield code="a">&#x628;&#x6D2; &#x628;&#x631;&#x6AF; &#x634;&#x627;&#x62E; /</subfield>
    <subfield code="c">&#x646;&#x631;&#x645;&#x644; &#x633;&#x646;&#x6AF;&#x6BE; &#x646;&#x631;&#x645;&#x644;</subfield>
  </datafield>
  <datafield tag="246" ind1=" " ind2=" ">
    <subfield code="a">Be Barg Shak /</subfield>
    <subfield code="b">by Nirmal Singh Nirmal</subfield>
  </datafield>
  <datafield tag="260" ind1=" " ind2=" ">
    <subfield code="c">2007</subfield>
    <subfield code="a">&#x646;&#x626; &#x62F;&#x644;&#x651;&#x6CC;</subfield>
    <subfield code="b">&#x622;&#x6C1;&#x644;&#x648;&#x627;&#x644;&#x6CC;&#x6C1; &#x628;&#x6A9; &#x688;&#x67E;&#x648;</subfield>
  </datafield>
  <datafield tag="270" ind1=" " ind2=" ">
    <subfield code="a">9988, New Rohtak Road</subfield>
    <subfield code="b">New Delhi </subfield>
    <subfield code="e">110005</subfield>
    <subfield code="k">28715142</subfield>
  </datafield>
  <datafield tag="300" ind1=" " ind2=" ">
    <subfield code="a">184 &#x635;</subfield>
    <subfield code="c">22 &#x633; &#x645; (Hb)</subfield>
  </datafield>
  <datafield tag="650" ind1=" " ind2=" ">
    <subfield code="a">&#x62A;&#x627;&#x631;&#x6CC;&#x62E;</subfield>
    <subfield code="9">11328</subfield>
  </datafield>
  <datafield tag="650" ind1=" " ind2=" ">
    <subfield code="a">Indian history</subfield>
    <subfield code="9">11329</subfield>
  </datafield>
  <datafield tag="700" ind1=" " ind2=" ">
    <subfield code="9">11462</subfield>
  </datafield>
  <datafield tag="942" ind1=" " ind2=" ">
    <subfield code="2">ddc</subfield>
    <subfield code="c">UR</subfield>
    <subfield code="h">841</subfield>
    <subfield code="m">&#x646; &#x631; &#x645; </subfield>
  </datafield>
  <datafield tag="999" ind1=" " ind2=" ">
    <subfield code="c">41453</subfield>
    <subfield code="d">41453</subfield>
  </datafield>
  <datafield tag="952" ind1=" " ind2=" ">
    <subfield code="0">0</subfield>
    <subfield code="1">0</subfield>
    <subfield code="2">ddc</subfield>
    <subfield code="4">0</subfield>
    <subfield code="7">1</subfield>
    <subfield code="8">NFIC</subfield>
    <subfield code="a">DBAD</subfield>
    <subfield code="b">DBAD</subfield>
    <subfield code="d">2010-08-12</subfield>
    <subfield code="e">DBAD/PUB</subfield>
    <subfield code="g">170.00</subfield>
    <subfield code="l">0</subfield>
    <subfield code="o">841 &#x646; &#x631; &#x645;</subfield>
    <subfield code="p">U-6250</subfield>
    <subfield code="r">2010-08-12 00:00:00</subfield>
    <subfield code="t">1</subfield>
    <subfield code="v">170.00</subfield>
    <subfield code="y">UR</subfield>
  </datafield>
</record>
